ბათუმის შოთა რუსთაველის სახელმწიფო უნივერსიტეტის ბიბლიოთეკა

სოციალური უფლებების ხელმისაწვდომობა ევროპაში : (ბიბ.ჩანაწერი № 59548)

000 -ლიდერი
ფიქსირებული სიგრძის საკონტროლო ველი 01315nam a22001937a 4500
003 - საკონტროლო ნომრის იდენტიფიკატორი
საკონტროლო ველი Ge_BSU
005 - ბოლო ოპერაციის თარიღი და დრო
საკონტროლო ველი 20230313143614.0
008 - ფიქსირებული სიგრძის მონაცემთა ელემენტები - ზოგადი ინფორმაცია
ფიქსირებული სიგრძის საკონტროლო ველი 230313s2007 ge ||||| |||| 00| 0 geo d
020 ## - წიგნის საერთაშორისო სტანდარტული ნომერი
International Standard Book Number 9287149844
041 ## - ენის კოდი
Language code of text/sound track or separate title geo
080 ## - უნივერსალური ათობითი კლასიფიკაციის ინდექსი
Universal Decimal Classification number 364.6(4) : 349.3(4) ს-74
245 ## - ცნობა სათაურის შესახებ
Title სოციალური უფლებების ხელმისაწვდომობა ევროპაში :
Remainder of title მიღებულია სოც. ინტეგრაციის ევრ. კომ-ტის მიერ მე-8 სხდომაზე (CDCS) (სტრასბურგი, 2002 წლის 28-30 მაისი) : ანგარიში /
Statement of responsibility, etc მომზადებულია მერი დეილის მიერ ; [ითარგმნა და გამოიცა საქ. ევროპის საბჭოს საინფორმ. ბიუროს მიერ].
264 ## - წარმოების, გამოცემის, დისტრიბუციის და სხვა ცნობები
გამოცემის, წარმოების, დისტრიბუციის... ადგილი თბილისი :
გამოცემის, წარმოების, დისტრიბუციის... სახელწოდება ევროპის საბჭოს გამ-ბა,
გამოცემის, წარმოების, დისტრიბუციის... თარიღი [2007].
300 ## - ფიზიკური აღწერა
Extent 160გვ. ;
Other physical details 23სმ.
500 ## - ზოგადი შენიშვნა
General note დანართები: გვ. 112-156.
504 ## - BIBLIOGRAPHY, ETC. NOTE
Bibliography, etc ბიბლიოგრ.: გვ. 157-158.
653 ## - INDEX TERM--UNCONTROLLED
Uncontrolled term სოციალური უფლებების დაცვა ევროპაში
942 ## - ADDED ENTRY ELEMENTS (KOHA)
Source of classification or shelving scheme
Koha item type წიგნი
ეგზემპლარები
ჩამოწერის სტატუსი დაკარგული ეგზემპლარის სტატუსი კლასიფიკაციის წყარო ან თაროზე გაწყობის სქემა დაზიანების სტატუსი არ გაიცემა მუდმივი მდებარეობა (დაცვის ადგილი) ამჟამინდელი ადგილსამყოფელი თაროზე განთავსების ადგილი შეძენის თარიღი ღირებულება, შესყიდვის ნორმალური ფასი სრული შენახვის შიფრი შტრიხკოდი ბოლო ოპერაციის თარიღი ეგზემპლარის მიმდევრობითი ნომერი (კეტერი?) ფასის ძალაში შესვლის თარიღი ეგზემპლარის სახეობა საჯარო შენიშვნა
          ბათუმის შოთა რუსთაველის სახელმწიფო უნივერსიტეტის მთავარი ბიბლიოთეკა ბათუმის შოთა რუსთაველის სახელმწიფო უნივერსიტეტის მთავარი ბიბლიოთეკა წიგნსაცავი 2023-03-13 5.00 364.6(4) : 349.3(4) ს-74 64016 2023-03-13 64016 2023-03-13 წიგნი 5 ლ.
          ბათუმის შოთა რუსთაველის სახელმწიფო უნივერსიტეტის მთავარი ბიბლიოთეკა ბათუმის შოთა რუსთაველის სახელმწიფო უნივერსიტეტის მთავარი ბიბლიოთეკა წიგნსაცავი 2023-03-13 5.00 364.6(4) : 349.3(4) ს-74 64017 2023-03-13 64017 2023-03-13 წიგნი 5 ლ.
          ბათუმის შოთა რუსთაველის სახელმწიფო უნივერსიტეტის მთავარი ბიბლიოთეკა ბათუმის შოთა რუსთაველის სახელმწიფო უნივერსიტეტის მთავარი ბიბლიოთეკა წიგნსაცავი 2023-03-13 5.00 364.6(4) : 349.3(4) ს-74 64018 2023-03-13 64018 2023-03-13 წიგნი 5 ლ.